000 00506nam a2200181Ia 4500
999 _c1633
_d1633
003 OSt
005 20200930101035.0
008 190216s9999||||xx |||||||||||||| ||und||
020 _a8188826057
040 _coclc
082 _a571.5382
_bPUR/P
100 _aPurohit, Shrinath
_9381
245 0 _aPlant Tissue Culture /
_cShrinath Purohit
260 _bStudent Edition,
_aJodhpur:
_c2004.
300 _a365p
650 _aBotany
942 _cBK
_2ddc
_h571.5382
_iPUR/P
_k571.5382
_mPUR/P